书目信息 |
| 题名: |
全球变暖有秘密
|
|
| 作者: | 李永华 编著 | |
| 分册: | ||
| 出版信息: | 赤峰 内蒙古科学技术出版社 2020.2 |
|
| 页数: | 195页 | |
| 开本: | 24cm | |
| 丛书名: | ||
| 单 册: | ||
| 中图分类: | X16 | |
| 科图分类: | ||
| 主题词: | 全球变暖--研究 | |
| 电子资源: | ||
| ISBN: | 978-7-5380-2681-8 | |
| 000 | 00888nam0 2200253 45 | |
| 001 | 012001000012 | |
| 005 | 20140910111310.0 | |
| 010 | @a978-7-5380-2681-8@dCNY68.00 | |
| 090 | @aX16@blyh | |
| 096 | @aX16@blyh | |
| 100 | @a20170310d2016 em y0chiy50 ea | |
| 101 | 0 | @achi |
| 102 | @aCN@b150000 | |
| 105 | @aa z 000yy | |
| 106 | @ar | |
| 200 | 1 | @a全球变暖有秘密@Aquan qiu bian nuan you mi mi@f李永华编著 |
| 210 | @a赤峰@c内蒙古科学技术出版社@d2020.2 | |
| 215 | @a195页@c图,照片@d24cm | |
| 330 | @a本书共分10章,包括地磁场减弱之谜、地磁场两极会翻转吗、风的动力之谜、台风、龙卷风、热岛现象、雾与霾、温室效应、全球气候变暖、两极冰山融化。本书对了解世界各国如何遏制今天气候的变暖,或破解全球变暖应具有很大的参考价值。 | |
| 606 | 0 | @a全球变暖@x研究 |
| 690 | @aX16@v5 | |
| 701 | 0 | @a李永华@Ali yong hua@4编著 |
| 801 | 0 | @aCN@bBJSDL@c20211011 |
| 905 | @b1330035-8@dX16@e259@f4 | |
| 全球变暖有秘密/李永华编著.-赤峰:内蒙古科学技术出版社,2020.2 |
| 195页:图,照片;24cm |
| ISBN 978-7-5380-2681-8:CNY68.00 |
| 本书共分10章,包括地磁场减弱之谜、地磁场两极会翻转吗、风的动力之谜、台风、龙卷风、热岛现象、雾与霾、温室效应、全球气候变暖、两极冰山融化。本书对了解世界各国如何遏制今天气候的变暖,或破解全球变暖应具有很大的参考价值。 |
| ● |
| 相关链接 |
|
|
|
|
正题名:全球变暖有秘密
索取号:X16/259
 
预约/预借
| 序号 | 登录号 | 条形码 | 馆藏地/架位号 | 状态 | 备注 |
| 1 | 1330035 | 213300355 | 第二样本阅览室/ [索取号:X16/259] | 在馆 | |
| 2 | 1330036 | 213300364 | 第三借阅区/ [索取号:X16/259] | 在馆 | |
| 3 | 1330037 | 213300373 | 第三借阅区/ [索取号:X16/259] | 在馆 | |
| 4 | 1330038 | 213300382 | 第三借阅区/ [索取号:X16/259] | 在馆 |